Informácia o novelách daňového poriadku za rok 2025 s účinnosťou v rokoch 2026 a 2027

V priebehu roka 2025 boli schválené tri návrhy noviel zákona č. 563/2009 Z. z. o správe daní (daňový poriadok) a o zmene a doplnení niektorých zákonov v znení neskorších predpisov (ďalej len „daňový poriadok“). Ide o novely daňového poriadku, ktoré sú zverejnené v zbierke zákonov ako osobitné články...

Descripción completa

Guardado en:
Detalles Bibliográficos
Autor principal: Jurčíková, Božena
Formato: Capítulo de libro
Lenguaje:eslovaco
Materias:
Etiquetas: Agregar Etiqueta
Sin Etiquetas, Sea el primero en etiquetar este registro!

MARC

LEADER 00000naa a2200000 4500
001 0315205
005 20260302103108.5
041 0 |a slo 
044 |a SK 
245 1 0 |a Informácia o novelách daňového poriadku za rok 2025 s účinnosťou v rokoch 2026 a 2027  |c Božena Jurčíková 
520 |a V priebehu roka 2025 boli schválené tri návrhy noviel zákona č. 563/2009 Z. z. o správe daní (daňový poriadok) a o zmene a doplnení niektorých zákonov v znení neskorších predpisov (ďalej len „daňový poriadok“). Ide o novely daňového poriadku, ktoré sú zverejnené v zbierke zákonov ako osobitné články v zákonoch č. 153/2025 Z.z., č. 384/2025 Z.z., č. 385/2025 Z.z. ktorými boli legislatívne upravené aj ďalšie zákony. 
610 2 0 |a dane z hodnoty pridanej 
610 2 0 |a konsolidácia 
610 2 0 |a legislatíva 
610 2 0 |a novelizácia 
610 2 0 |a zákony 
610 2 0 |a poriadok daňový 
100 1 |a Jurčíková, Božena